000 00786nam a2200241 a 4500
001 000030870
003 DO-SdBNP
005 20240307073949.0
007 ta
008 110602s2022 dr 000 0 spa d
020 _a9789945926422
040 _aDO-SdBNP
_bspa
_cBNPHU
082 _222
_axxx
_bC743
110 _aRepública Dominicana.
_bDefensor del Pueblo
_978062
245 0 0 _aConstitución animada para niños y niñas :
_b2 do. ciclo de primaria
260 _aSanto Domingo :
_bOficina Defensor del pueblo,
_c2022.
300 _a133 p.:
_bil. ;
_c22 cm.
505 _aGuías para estudiantes, guías para docentes, guías para familias
590 _aInventariado, 2022 / DG
710 1 _aUniversidad Autónoma de Santo Domingo
_972951
910 _aDG
942 _2ddc
_cLBS1
999 _c52549
_d52549